00566nam a2200157Ia 4500008004100000082001900041100002200060245002300082260006200105300001000167630001800177650006800195942000900263952011900272999001700391211109s9999||||xx |||||||||||||| ||und|| a891.433bJAI-A aJain, Nemichandra 0aAdhoore Sakshatkar bRajkamal Prakashan Pvt Ltd DelhiaOxford City Pressc1900 a250p. xGeneral stack aHindi literaturevHindi fictionxLiterature & rhetoricGeneralia cBOOK 00102ddc4070aSBCLbSBCLc2d2021-11-09g100.00o891.436 JAI-Ap00093605r2021-11-09 00:00:00w2021-11-09yBOOK c51392d51392